000 00607nam a22001817a 4500
999 _c16416
_d16416
003 AR-CdUCM
008 190503b ||||| |||| 00| 0 spa d
040 _aMUNICIPALIDAD PROVINCIAL DEL CUSCO
_cBIBLIOTECA MUNICIPAL DEL CUSCO
082 _a891.008 /
_bP157
100 _aPalevoi, Boris
_935846
245 _aCuentos Soviéticos /
260 _aLima :
_bSan Marcos,
_c1964.
300 _a126 páginas ;
_c18 cm.
505 _aNosotros somos hombres soviéticos -- Pan Tiujin y an teleev -- El zapador Nikolai Jaritonov...
650 _aCuentos soviéticos.
_935847
942 _2ddc
_cLIBROS
945 _awfj